00474 2200205 4500001002100000008004100021035002000062082000800082084001400090100001900104245003400123250000600157260003200163300001200195650001300207990001200220990001200232990001200244990001200256INLIS000000000000703 ind  a0010-0424000679 a600 a600 SUG i aAndono, Sugeng aInstalasi CCTVcSugeng Andono a1 aYogyakarta :bSkriptac2015 a130 hlm aNonfiksi a0721892 a0721893 a0721894 a0721895